[Event "PRO League Group Stage"]
[Site "chess.com INT"]
[Date "2018.02.03"]
[Round "4"]
[White "Liang, Awonder"]
[Black "Miroshnichenko, Evgenij"]
[Result "1-0"]
[WhiteTitle "GM"]
[BlackTitle "GM"]
[WhiteElo "2572"]
[BlackElo "2606"]
[WhiteTeam "Pittsburgh Pawngrabbers"]
[BlackTeam "Australia Kangaroos"]
[WhiteFideId "2056437"]
[BlackFideId "14102595"]
[EventDate "2018.01.18"]

1. e4 d6 2. d4 Nf6 3. f3 e5 4. Ne2 Be7 5. Nbc3 c6 6. Be3 Nbd7 7. g4 d5 8. g5 Nh5
9. Rg1 exd4 10. Nxd4 c5 11. Ndb5 d4 12. Nd5 O-O 13. f4 g6 14. Bd2 Nb6 15. Nbc7
Nxd5 16. Nxd5 Re8 17. Qf3 Bf8 18. O-O-O Be6 19. Bc4 Qd7 20. f5 Bxd5 21. Bxd5 Bd6
22. Rdf1 Re7 23. Rg4 Rf8 24. Rh4 Re5 25. Rxh5 Rxd5 26. Rh6 Re5 27. Bf4 Ree8 28.
Qh3 Bxf4+ 29. Rxf4 f6 30. Rfh4 Re7 31. Qb3+ Kh8 32. fxg6 fxg5 33. Rxh7+ 1-0

[Event "PRO League Group Stage"]
[Site "chess.com INT"]
[Date "2018.02.03"]
[Round "4"]
[White "Panjwani, Raja"]
[Black "Harmon-Vellotti, Luke"]
[Result "0-1"]
[WhiteTitle "IM"]
[BlackTitle "IM"]
[WhiteElo "2444"]
[BlackElo "2468"]
[WhiteTeam "Montreal Chessbrahs"]
[BlackTeam "Dallas Destiny"]
[WhiteFideId "2604493"]
[BlackFideId "2030012"]
[EventDate "2018.01.18"]

1. Nf3 Nf6 2. c4 e6 3. Nc3 b6 4. a3 Bb7 5. d4 d5 6. Bg5 Be7 7. Qa4+ Qd7 8. Qc2
O-O 9. cxd5 Nxd5 10. Bxe7 Qxe7 11. Nxd5 Bxd5 12. e4 Bb7 13. Bd3 Rc8 14. O-O Nd7
15. Rad1 c5 16. d5 c4 17. Be2 exd5 18. exd5 Qd6 19. Nd4 g6 20. Bg4 Rc5 21. Nc6
Nf6 22. Bf3 Re8 23. Rfe1 Rxe1+ 24. Rxe1 Kg7 25. Qc3 a5 26. g4 Rxd5 27. h4 Bxc6
28. g5 Rf5 29. gxf6+ Rxf6 30. Bxc6 Qxc6 31. Qd4 h5 32. Re4 b5 33. Re5 Qb6 34.
Rc5 Kh7 35. Qe3 Re6 36. Qf4 Kg8 37. Rd5 Rf6 38. Qg3 b4 39. axb4 axb4 40. Rd2 Qc5
41. Kh1 c3 42. Rd8+ Kg7 43. Qb8 Re6 44. Rg8+ Kf6 45. Qf4+ Qf5 46. Qd4+ Qe5 47.
Qd8+ Re7 48. Qb6+ Kf5 49. Qxb4 cxb2 50. Rb8 Qe4+ 51. Qxe4+ Rxe4 52. Rxb2 Rxh4+
53. Kg2 Kf6 54. Rb5 Re4 55. Kf3 Re5 56. Rb6+ Kg7 57. Rb7 g5 58. Kg2 Rf5 59. Kg3
Kg6 60. f3 h4+ 61. Kg2 Rf4 62. Rb6+ f6 63. Rb3 Ra4 64. Rb2 Ra3 65. Rc2 Ra4 66.
Rb2 Ra3 67. Rc2 Ra6 68. Kh3 Kh5 69. Rc8 Ra3 70. Rh8+ Kg6 71. Kg2 Ra2+ 72. Kg1
Kf5 73. Rh6 Ra6 74. Kg2 Kf4 75. Rg6 Ra2+ 76. Kh3 f5 77. Rb6 g4+ 0-1

[Event "PRO League Group Stage"]
[Site "chess.com INT"]
[Date "2018.02.03"]
[Round "4"]
[White "Le, Tuan Minh"]
[Black "Brown, Michael William"]
[Result "1-0"]
[WhiteTitle "IM"]
[BlackTitle "IM"]
[WhiteElo "2485"]
[BlackElo "2506"]
[WhiteTeam "Pittsburgh Pawngrabbers"]
[BlackTeam "San Diego Surfers"]
[WhiteFideId "12401153"]
[BlackFideId "2037602"]
[EventDate "2018.01.18"]

1. d4 d5 2. c4 e6 3. Nc3 Nf6 4. Nf3 Bb4 5. Qa4+ Nc6 6. Bg5 O-O 7. e3 Bd7 8. Qc2
Re8 9. Bd3 h6 10. Bxf6 Qxf6 11. O-O dxc4 12. Bxc4 Bd6 13. Ne4 Qe7 14. Rfd1 e5
15. d5 Nd8 16. Rac1 f5 17. Nc5 e4 18. Nd4 Bxh2+ 19. Kxh2 Qxc5 20. d6+ Kh8 21.
Ne2 cxd6 22. Rd5 Qb6 23. Nf4 Rc8 24. Qd1 Rc6 25. Qh5 Qxb2 26. Rxf5 Rc5 27. Rxc5
dxc5 28. Rd1 Bb5 29. Rd6 Ne6 30. Bxe6 Qf6 31. Ng6+ 1-0

[Event "PRO League Group Stage"]
[Site "chess.com INT"]
[Date "2018.02.03"]
[Round "4"]
[White "Petrosian, Tigran L."]
[Black "Fedoseev, Vladimir3"]
[Result "0-1"]
[WhiteTitle "GM"]
[BlackTitle "GM"]
[WhiteElo "2606"]
[BlackElo "2724"]
[WhiteTeam "Seattle Sluggers"]
[BlackTeam "Saint Louis Arch Bishops"]
[WhiteFideId "13301616"]
[BlackFideId "24130737"]
[EventDate "2018.01.18"]

1. Nf3 d5 2. g3 Nd7 3. Bg2 e5 4. O-O Ngf6 5. c4 e4 6. Ne1 dxc4 7. Qa4 Qe7 8.
Qxc4 Nb6 9. Qc2 Nbd5 10. Nc3 Nxc3 11. dxc3 h6 12. Qb3 g6 13. Be3 Bg7 14. Nc2 O-O
15. Rad1 b6 16. Bd4 Bb7 17. Ne3 c5 18. Bxf6 Bxf6 19. Qa4 Rfc8 20. Nd5 Bxd5 21.
Rxd5 Rd8 22. Qxe4 Qxe4 23. Bxe4 Rxd5 24. Bxd5 Rd8 25. e4 b5 26. Rd1 Kf8 27. f4
Be7 28. Kf2 a5 29. e5 f6 30. Ke3 c4 31. g4 g5 32. Ke4 gxf4 33. Kxf4 fxe5+ 34.
Kxe5 Bd6+ 35. Ke6 Bxh2 36. Rf1+ Kg7 37. Rf7+ Kg6 38. Be4+ Kg5 39. Rf5+ Kxg4 0-1

[Event "PRO League Group Stage"]
[Site "chess.com INT"]
[Date "2018.02.03"]
[Round "4"]
[White "Le, Tuan Minh"]
[Black "Ni, Hua"]
[Result "0-1"]
[WhiteTitle "IM"]
[BlackTitle "GM"]
[WhiteElo "2485"]
[BlackElo "2670"]
[WhiteTeam "Pittsburgh Pawngrabbers"]
[BlackTeam "Chengdu Pandas"]
[WhiteFideId "12401153"]
[BlackFideId "8601160"]
[EventDate "2018.01.18"]

1. d4 Nf6 2. Bf4 d5 3. e3 Bg4 4. Nf3 e6 5. c4 Bxf3 6. gxf3 Nh5 7. Bg3 Nxg3 8.
hxg3 c6 9. Nc3 Nd7 10. Bd3 g6 11. f4 Bb4 12. Kf1 Bxc3 13. bxc3 Nf6 14. Rb1 b6
15. Qf3 h5 16. g4 Ke7 17. g5 Ne8 18. cxd5 cxd5 19. c4 dxc4 20. Bxc4 Nd6 21. Bb3
Kf8 22. d5 Ke7 23. dxe6 fxe6 24. Kg2 Qc7 25. Rbc1 Qd7 26. e4 Rac8 27. Rcd1 Qc6
28. Rhe1 Rhf8 29. Kg1 Nc4 30. Qc3 Rxf4 31. Bxc4 Qxc4 32. Qg7+ Rf7 33. Rd7+ Kxd7
34. Qxf7+ Kc6 35. Qxg6 Rf8 36. Qxh5 Qxa2 37. Re2 Qc4 38. g6 Qc3 39. Qg4 Qe5 40.
Rc2+ Kb7 41. Qh4 Rg8 42. Qe7+ Ka8 43. Qf7 Rh8 44. Kf1 Qxe4 45. f3 Qxc2 46. Kg1
Qh2+ 47. Kf1 Rc8 0-1

[Event "PRO League Group Stage"]
[Site "chess.com INT"]
[Date "2018.02.03"]
[Round "4"]
[White "Petrosian, Tigran L."]
[Black "Bykhovsky, Anatoly"]
[Result "1-0"]
[WhiteTitle "GM"]
[BlackTitle "GM"]
[WhiteElo "2606"]
[BlackElo "2496"]
[WhiteTeam "Seattle Sluggers"]
[BlackTeam "Montclair Sopranos"]
[WhiteFideId "13301616"]
[BlackFideId "2806991"]
[EventDate "2018.01.18"]

1. Nf3 Nf6 2. g3 g6 3. Bg2 Bg7 4. O-O O-O 5. d3 d5 6. Nbd2 Nc6 7. e4 e5 8. c3 a5
9. a4 Re8 10. Re1 b6 11. exd5 Nxd5 12. Nc4 Ba6 13. Qb3 Qd7 14. Bd2 Rad8 15. Rad1
h6 16. h4 Qf5 17. Bc1 Nf6 18. Nfd2 Nb8 19. Ne4 Nbd7 20. Ne3 Qe6 21. Qc2 Nxe4 22.
dxe4 c6 23. b4 Bf8 24. Qb1 Nf6 25. bxa5 bxa5 26. Rxd8 Rxd8 27. Qb6 Qc8 28. Qxa5
Bd3 29. Rd1 Rd7 30. Bh3 Bxe4 31. Bxd7 Nxd7 32. Ng4 Bg7 33. Nxh6+ Bxh6 34. Bxh6
Kh7 35. Bg5 Nf6 36. Qa7 Kg7 37. Qe7 1-0

[Event "PRO League Group Stage"]
[Site "chess.com INT"]
[Date "2018.02.03"]
[Round "4"]
[White "Le, Tuan Minh"]
[Black "Belous, Vladimir"]
[Result "0-1"]
[WhiteTitle "IM"]
[BlackTitle "GM"]
[WhiteElo "2485"]
[BlackElo "2567"]
[WhiteTeam "Pittsburgh Pawngrabbers"]
[BlackTeam "Rio Grande Ospreys"]
[WhiteFideId "12401153"]
[BlackFideId "4174003"]
[EventDate "2018.01.18"]

1. d4 Nf6 2. c4 g6 3. Nc3 Bg7 4. e4 O-O 5. f3 d6 6. Be3 c5 7. Nge2 Nc6 8. d5 Ne5
9. Ng3 e6 10. Be2 exd5 11. cxd5 b5 12. Nxb5 Rb8 13. Qd2 h5 14. O-O h4 15. Nh1 h3
16. g3 Nxf3+ 17. Rxf3 Nxe4 18. Qc2 Re8 19. Raf1 Ng5 20. Bxg5 Qxg5 21. Nf2 Bf5
22. Bd3 Qh5 23. Rf4 Be5 24. Bxf5 Bxf4 25. Ng4 Be5 26. Bd7 Re7 27. Nxe5 Qxe5 28.
Bc6 a6 29. Nc3 Qd4+ 30. Kh1 f5 31. b3 c4 32. Nd1 cxb3 33. axb3 Rxb3 0-1

[Event "PRO League Group Stage"]
[Site "chess.com INT"]
[Date "2018.02.03"]
[Round "4"]
[White "Panjwani, Raja"]
[Black "Khachiyan, Melikset"]
[Result "1/2-1/2"]
[WhiteTitle "IM"]
[BlackTitle "GM"]
[WhiteElo "2444"]
[BlackElo "2522"]
[WhiteTeam "Montreal Chessbrahs"]
[BlackTeam "Las Vegas Desert Rats"]
[WhiteFideId "2604493"]
[BlackFideId "13300512"]
[EventDate "2018.01.18"]

1. Nf3 Nf6 2. c4 g6 3. b3 Bg7 4. Bb2 O-O 5. g3 c6 6. Bg2 d5 7. O-O Bg4 8. d4
Bxf3 9. Bxf3 Nbd7 10. Bg2 e6 11. Nc3 h5 12. Re1 Qb6 13. e3 dxc4 14. Na4 Qa6 15.
bxc4 Qxc4 16. Ba3 Rfd8 17. Bf1 Qd5 18. Rb1 Nb6 19. Nc5 Ne4 20. Qc2 Ng5 21. Bg2
Nf3+ 22. Bxf3 Qxf3 23. Nxb7 Rd5 24. Qe2 Qxe2 25. Rxe2 Nc4 26. Bc1 Rb8 27. Rc2
Rb5 28. Rxb5 cxb5 29. Nc5 Bf8 30. Nd7 Rc8 31. Ne5 Bd6 32. Nd3 f5 33. Bb2 Rc6 34.
Ba1 Ra6 35. Kf1 Ra3 36. Ke2 Kf7 37. f3 g5 38. h3 Bxg3 39. Bc3 Bd6 40. e4 g4 41.
hxg4 hxg4 42. fxg4 fxe4 43. Nf2 b4 44. Bxb4 Bxb4 45. Rxc4 Rxa2+ 46. Ke3 Be7 47.
Nxe4 a5 48. Rc7 Ke8 49. g5 a4 50. Ra7 a3 51. Kf4 Re2 52. g6 Rg2 53. Ra8+ Kd7 54.
Ra7+ Ke8 55. Ra8+ Kd7 56. Ra7+ Kd8 57. Ra8+ Kc7 58. Nc5 Bxc5 59. dxc5 Rxg6 60.
Rxa3 Kc6 61. Ra6+ Kd5 62. c6 e5+ 63. Kf5 Rxc6 64. Rxc6 Kxc6 65. Kxe5 1/2-1/2

[Event "PRO League Group Stage"]
[Site "chess.com INT"]
[Date "2018.02.03"]
[Round "4"]
[White "Panjwani, Raja"]
[Black "Izoria, Zviad"]
[Result "1-0"]
[WhiteTitle "IM"]
[BlackTitle "GM"]
[WhiteElo "2444"]
[BlackElo "2599"]
[WhiteTeam "Montreal Chessbrahs"]
[BlackTeam "San Jose Hackers"]
[WhiteFideId "2604493"]
[BlackFideId "13601733"]
[EventDate "2018.01.18"]

1. Nf3 g6 2. c4 Bg7 3. d4 Nf6 4. g3 O-O 5. Bg2 d6 6. O-O Nc6 7. Nc3 e5 8. d5 Nb8
9. e4 a5 10. Rb1 Na6 11. Re1 Nd7 12. a3 Nb6 13. b3 Bd7 14. Bf1 Nc5 15. b4 Nca4
16. Nxa4 Nxa4 17. Qc2 axb4 18. axb4 Qe7 19. Bg5 f6 20. Bd2 f5 21. Ng5 f4 22. Ne6
Bxe6 23. dxe6 Qxe6 24. c5 Qd7 25. Red1 Kh8 26. Be1 b5 27. c6 Qg4 28. Bxb5 Nb6
29. Ra1 Rxa1 30. Rxa1 h5 31. Be2 Qe6 32. Ra7 Rf7 33. b5 h4 34. Qa2 Qf6 35. g4 f3
36. Bf1 Bh6 37. h3 Kg7 38. Ba5 Be3 39. Rxc7 Rxc7 40. fxe3 Ra7 41. Kf2 Qd8 42.
Qd2 Qb8 43. g5 Nc8 44. Bc4 Nb6 45. Bxb6 Qxb6 46. Qxd6 Qa5 47. Qd5 Ra8 48. Qd7+
Kh8 49. c7 Qe1+ 50. Kxe1 f2+ 51. Kd2 f1=Q 52. c8=Q+ 1-0

[Event "PRO League Group Stage"]
[Site "chess.com INT"]
[Date "2018.02.03"]
[Round "4"]
[White "Panjwani, Raja"]
[Black "Smirnov, Anton"]
[Result "1-0"]
[WhiteTitle "IM"]
[BlackTitle "GM"]
[WhiteElo "2444"]
[BlackElo "2527"]
[WhiteTeam "Montreal Chessbrahs"]
[BlackTeam "Australia Kangaroos"]
[WhiteFideId "2604493"]
[BlackFideId "3208923"]
[EventDate "2018.01.18"]

1. Nf3 d5 2. d4 Nf6 3. c4 c6 4. Nc3 e6 5. cxd5 exd5 6. Bg5 Nbd7 7. e3 h6 8. Bh4
Be7 9. Bd3 Nh5 10. Bxe7 Qxe7 11. O-O O-O 12. Rb1 a5 13. a3 Nhf6 14. Qc2 Re8 15.
Rfe1 Ne4 16. b4 axb4 17. axb4 Ndf6 18. Ne5 Nd6 19. b5 c5 20. dxc5 Qxe5 21. f4
Qe7 22. cxd6 Qxd6 23. b6 Bd7 24. Nb5 Bxb5 25. Bxb5 Rec8 26. Qf5 Rc5 27. Be2 Ne4
28. Bf3 Nd2 29. Ra1 Nxf3+ 30. gxf3 Re8 31. Rab1 g6 32. Qd3 Rec8 33. Red1 Qf6 34.
Rb5 Rxb5 35. Qxb5 Qe6 36. Qb3 Kh7 37. Kg2 Rc6 38. Qxd5 Qxd5 39. Rxd5 Rxb6 40. h4
Rb1 41. f5 g5 42. h5 Kg7 43. Rd6 b5 44. f6+ Kh7 45. Rd7 Kg8 46. Rd8+ Kh7 47. Rf8
b4 48. Rxf7+ Kg8 49. Rb7 Re1 50. Kf2 Rh1 51. e4 b3 52. Rxb3 Kf7 53. e5 Ra1 54.
Rb7+ Ke6 55. Re7+ 1-0

[Event "PRO League Group Stage"]
[Site "chess.com INT"]
[Date "2018.02.03"]
[Round "4"]
[White "Petrosian, Tigran L."]
[Black "Villanueva, Mario"]
[Result "1-0"]
[WhiteTitle "GM"]
[BlackTitle "IM"]
[WhiteElo "2606"]
[BlackElo "2466"]
[WhiteTeam "Seattle Sluggers"]
[BlackTeam "Buenos Aires Krakens"]
[WhiteFideId "13301616"]
[BlackFideId "113433"]
[EventDate "2018.01.18"]

1. Nf3 Nf6 2. g3 g6 3. Bg2 Bg7 4. O-O O-O 5. d3 d5 6. Nbd2 c5 7. e4 Nc6 8. Re1
dxe4 9. dxe4 h6 10. c3 Be6 11. Qe2 Qb6 12. Bf1 Rad8 13. Nb3 Na5 14. Nfd2 Nxb3
15. axb3 Ng4 16. Nc4 Bxc4 17. bxc4 Ne5 18. Be3 a6 19. Red1 Qc6 20. f4 Nd7 21. e5
Nb8 22. Bg2 Qc7 23. Qf2 b6 24. Qf3 Rxd1+ 25. Rxd1 Rd8 26. Rxd8+ Qxd8 27. b4 Qd3
28. Bf2 Qxf3 29. Bxf3 f6 30. bxc5 bxc5 31. e6 f5 32. Bxc5 Bxc3 33. Ba7 a5 34.
Bxb8 a4 35. Bd1 a3 36. Bb3 Bb4 37. Kf2 1-0

[Event "PRO League Group Stage"]
[Site "chess.com INT"]
[Date "2018.02.03"]
[Round "4"]
[White "Petrosian, Tigran L."]
[Black "Gurevich, Daniel"]
[Result "1-0"]
[WhiteTitle "GM"]
[BlackTitle "IM"]
[WhiteElo "2606"]
[BlackElo "2483"]
[WhiteTeam "Seattle Sluggers"]
[BlackTeam "Minnesota Blizzard"]
[WhiteFideId "13301616"]
[BlackFideId "2044676"]
[EventDate "2018.01.18"]

1. Nf3 d5 2. g3 Bg4 3. Bg2 c6 4. h3 Bh5 5. O-O e6 6. d3 Bd6 7. Nbd2 Ne7 8. e4
Nd7 9. Qe1 Qc7 10. b3 O-O 11. Bb2 e5 12. a3 a5 13. Nh4 f6 14. d4 Bf7 15. Nhf3 a4
16. b4 Rfe8 17. Qe2 exd4 18. Nxd4 Nb6 19. Rfe1 Rad8 20. Rad1 Qc8 21. Qg4 Qxg4
22. hxg4 c5 23. Nb5 cxb4 24. Nxd6 Rxd6 25. axb4 Nc6 26. b5 Na5 27. e5 fxe5 28.
Rxe5 Rc8 29. Rg5 Rg6 30. Rxg6 Bxg6 31. Bd4 Nac4 32. Nxc4 Nxc4 33. Bxd5+ Bf7 34.
Bxb7 Rb8 35. Bc6 Be8 36. Re1 Bxc6 37. bxc6 Rc8 38. Re7 Rxc6 39. Rxg7+ Kf8 40.
Rxh7 Ra6 41. Rc7 Nd6 42. Bc5 a3 43. Bxd6+ Rxd6 44. Ra7 Rc6 45. Rxa3 Rxc2 46.
Rf3+ Kg7 47. Kg2 Kg6 48. Rf5 Rc4 49. f3 Rc1 50. Re5 Rc2+ 51. Kh3 Rc1 52. f4 Rh1+
53. Kg2 Rc1 54. Re6+ Kf7 55. f5 Rd1 56. Kf3 Rf1+ 57. Kg2 Rc1 58. g5 Rc5 59. g4
Rc3 60. Rd6 Ke7 61. Ra6 Rd3 62. g6 Kf8 63. f6 Rd8 64. Kg3 Kg8 65. Kh4 Kh8 66.
Re6 Kg8 67. Kh5 Rf8 68. Kh6 Rd8 69. f7+ Kf8 70. Re8+ Rxe8 71. fxe8=Q+ 1-0

[Event "PRO League Group Stage"]
[Site "chess.com INT"]
[Date "2018.02.03"]
[Round "4"]
[White "Dominguez Perez, Leinier"]
[Black "Tang, Andrew"]
[Result "0-1"]
[WhiteTitle "GM"]
[BlackTitle "IM"]
[WhiteElo "2739"]
[BlackElo "2513"]
[WhiteTeam "Las Vegas Desert Rats"]
[BlackTeam "Minnesota Blizzard"]
[WhiteFideId "3503240"]
[BlackFideId "2059630"]
[EventDate "2018.01.18"]

1. e4 e5 2. Nf3 Nc6 3. Bc4 Bc5 4. O-O Nf6 5. d3 a6 6. c3 Ba7 7. Bb3 d6 8. Re1
O-O 9. h3 h6 10. Nbd2 Be6 11. Bc2 Re8 12. Nf1 d5 13. exd5 Bxd5 14. Ng3 Qd6 15.
Nh4 Rad8 16. Nhf5 Qf8 17. Bd2 b5 18. b4 Re6 19. a4 Bb6 20. Qe2 e4 21. dxe4 Bc4
22. Qd1 Ne5 23. Qc1 Kh7 24. axb5 axb5 25. Be3 c5 26. Ra6 Nfd7 27. Qb1 cxb4 28.
Bxb6 Rxb6 29. Rxb6 Nxb6 30. cxb4 Bd3 31. Bxd3 Nxd3 32. Rd1 Ne5 33. Rxd8 Qxd8 34.
Qc1 Nbc4 35. Nh5 Nd3 36. Qc3 Nce5 37. Nhxg7 Qg5 38. Kf1 Qf4 39. Qc2 Qxe4 40. Qe2
Qxb4 41. g3 Qb1+ 42. Kg2 Ne1+ 43. Kh1 N1f3+ 0-1

[Event "PRO League Group Stage"]
[Site "chess.com INT"]
[Date "2018.02.03"]
[Round "4"]
[White "Dominguez Perez, Leinier"]
[Black "Pichot, Alan"]
[Result "1-0"]
[WhiteTitle "GM"]
[BlackTitle "GM"]
[WhiteElo "2739"]
[BlackElo "2552"]
[WhiteTeam "Las Vegas Desert Rats"]
[BlackTeam "Buenos Aires Krakens"]
[WhiteFideId "3503240"]
[BlackFideId "110973"]
[EventDate "2018.01.18"]

1. e4 d5 2. exd5 Qxd5 3. Nc3 Qd8 4. d4 Nf6 5. Nf3 Bg4 6. h3 Bxf3 7. Qxf3 c6 8.
Be3 e6 9. O-O-O Bb4 10. Ne4 Nxe4 11. Qxe4 Qd5 12. Qxd5 cxd5 13. c4 dxc4 14. Bxc4
Nd7 15. Kc2 Nb6 16. Kb3 Nxc4 17. Kxc4 Bd6 18. d5 e5 19. Kb5 Kd7 20. Rc1 Rhc8 21.
Rxc8 Kxc8 22. Rc1+ Kd7 23. g4 f6 24. a4 g6 25. h4 Be7 26. h5 g5 27. f3 Bd6 28.
b3 h6 29. Kc4 f5 30. gxf5 Rf8 31. Kd3 Rxf5 32. Ke4 Rf8 33. Rc4 a6 34. b4 Rf7 35.
b5 axb5 36. axb5 Rf8 37. Ra4 Rc8 38. Ra7 Rc4+ 39. Kd3 Rb4 40. Rxb7+ Kc8 41. Rh7 1-0

[Event "PRO League Group Stage"]
[Site "chess.com INT"]
[Date "2018.02.03"]
[Round "4"]
[White "Dominguez Perez, Leinier"]
[Black "Caruana, Fabiano"]
[Result "0-1"]
[WhiteTitle "GM"]
[BlackTitle "GM"]
[WhiteElo "2739"]
[BlackElo "2811"]
[WhiteTeam "Las Vegas Desert Rats"]
[BlackTeam "Saint Louis Arch Bishops"]
[WhiteFideId "3503240"]
[BlackFideId "2020009"]
[EventDate "2018.01.18"]

1. e4 e5 2. Nf3 Nc6 3. Bc4 Bc5 4. c3 Nf6 5. d3 d6 6. O-O O-O 7. Re1 h6 8. h3 a5
9. Nbd2 a4 10. Nf1 Bd7 11. a3 Bb6 12. Ng3 Re8 13. Nh4 Ng4 14. hxg4 Qxh4 15. Qf3
Bxg4 16. Qxf7+ Kh7 17. Be3 Rf8 18. Qd5 Ne7 19. Qb5 Ra5 20. Qb4 Nc6 21. Bxb6 Nxb4
22. axb4 Raa8 23. Bxc7 Rxf2 24. Re3 Raf8 25. Bxd6 Bh3 26. Bxf8 Rxg2+ 27. Kh1
Rxg3 28. Rxg3 Qxg3 29. Rg1 Qf3+ 30. Kh2 Qf2+ 31. Kh1 Qxf8 0-1

[Event "PRO League Group Stage"]
[Site "chess.com INT"]
[Date "2018.02.03"]
[Round "4"]
[White "Harmon-Vellotti, Luke"]
[Black "Ramirez, Alejandro"]
[Result "1-0"]
[WhiteTitle "IM"]
[BlackTitle "GM"]
[WhiteElo "2468"]
[BlackElo "2568"]
[WhiteTeam "Dallas Destiny"]
[BlackTeam "Saint Louis Arch Bishops"]
[WhiteFideId "2030012"]
[BlackFideId "6500617"]
[EventDate "2018.01.18"]

1. e4 c5 2. Nf3 e6 3. d4 cxd4 4. Nxd4 Nc6 5. Nb5 d6 6. Bf4 e5 7. Be3 a6 8. N5c3
Nf6 9. Bg5 Be7 10. Bxf6 Bxf6 11. Nd2 O-O 12. Nd5 b5 13. c3 Rb8 14. Bd3 Be6 15.
O-O Bg5 16. Nf3 Bh6 17. Bc2 a5 18. Qd3 Ne7 19. Nxe7+ Qxe7 20. Bb3 Bc4 21. Bxc4
bxc4 22. Qxc4 Rxb2 23. Rab1 Qb7 24. Qd3 a4 25. Rxb2 Qxb2 26. Qxd6 Qxa2 27. Nxe5
Bf4 28. g3 Bxe5 29. Qxe5 Qb2 30. Qc5 Rb8 31. Qa7 a3 32. c4 g6 33. c5 Rc8 34. Qa5
a2 35. e5 Qc2 36. e6 fxe6 37. Qa6 Re8 38. c6 Kf7 39. c7 Qxc7 40. Qxa2 Rd8 41.
Qe2 Qc6 42. Ra1 Rd7 43. Qe5 Qc8 44. h4 Qd8 45. Ra4 Rd1+ 46. Kh2 Qd5 47. Ra7+ Kg8
48. Qg7# 1-0

[Event "PRO League Group Stage"]
[Site "chess.com INT"]
[Date "2018.02.03"]
[Round "4"]
[White "Dominguez Perez, Leinier"]
[Black "Lenderman, Aleksandr"]
[Result "1/2-1/2"]
[WhiteTitle "GM"]
[BlackTitle "GM"]
[WhiteElo "2739"]
[BlackElo "2611"]
[WhiteTeam "Las Vegas Desert Rats"]
[BlackTeam "Montclair Sopranos"]
[WhiteFideId "3503240"]
[BlackFideId "2021285"]
[EventDate "2018.01.18"]

1. e4 e6 2. d4 d5 3. Nc3 Nf6 4. e5 Nfd7 5. f4 c5 6. Nf3 Nc6 7. Be3 cxd4 8. Nxd4
Bc5 9. Qd2 O-O 10. O-O-O a6 11. Qf2 Nxd4 12. Bxd4 Bxd4 13. Qxd4 b5 14. Bd3 Rb8
15. Kb1 Qc7 16. Rhe1 Nc5 17. Re3 b4 18. Ne2 Bd7 19. Rh3 g6 20. Qe3 Rfc8 21. Nd4
Ba4 22. Re1 Nxd3 23. Qxd3 Qe7 24. Qd2 Rc7 25. g4 Rbc8 26. b3 Rc3 27. Ree3 Rxe3
28. Rxe3 Bd7 29. Kb2 a5 30. c3 Qc5 31. h4 Qb6 32. h5 bxc3+ 33. Rxc3 Rc4 34. Rxc4
dxc4 35. h6 Kf8 36. Qc3 cxb3 37. Nxb3 Qf2+ 38. Qd2 Qa7 39. Qxa5 Qf2+ 40. Qd2 Qa7
41. Qd4 Qb7 42. Kc3 Qf3+ 43. Kb4 Qb7+ 44. Kc3 Qf3+ 45. Qd3 Qc6+ 46. Kb2 Ke8 47.
g5 Qg2+ 48. Qd2 Qb7 49. Qd4 Bc6 50. Kc3 Bd5 51. Qc5 Bxb3 52. axb3 Qf3+ 53. Kb2
Qxf4 54. b4 Qxg5 55. b5 Qg2+ 56. Ka3 Qb7 57. Kb4 g5 58. Qc4 Kd7 59. Qd4+ Ke8 60.
b6 g4 61. Ka5 g3 62. Qa4+ Kf8 63. Qa3+ Ke8 64. Qxg3 Qd5+ 65. Ka6 Qa8+ 66. Kb5
Qd5+ 67. Kb4 Qd4+ 68. Ka5 Qd5+ 69. Ka6 Qa8+ 70. Kb5 Qd5+ 71. Kb4 Qd4+ 72. Ka5
Qd5+ 1/2-1/2

[Event "PRO League Group Stage"]
[Site "chess.com INT"]
[Date "2018.02.03"]
[Round "4"]
[White "Shimanov, Aleksandr"]
[Black "Xiong, Jeffery"]
[Result "0-1"]
[WhiteTitle "GM"]
[BlackTitle "GM"]
[WhiteElo "2641"]
[BlackElo "2634"]
[WhiteTeam "Webster Windmills"]
[BlackTeam "Dallas Destiny"]
[WhiteFideId "4198603"]
[BlackFideId "2047640"]
[EventDate "2018.01.18"]

1. Nf3 c5 2. c3 Nf6 3. d4 d5 4. dxc5 e6 5. b4 a5 6. e3 axb4 7. cxb4 b6 8. a4
bxc5 9. b5 c4 10. Be2 Bb4+ 11. Bd2 Qa5 12. O-O O-O 13. Ne5 c3 14. Bc1 Qc7 15.
Qb3 c2 16. Qxb4 cxb1=Q 17. Rxb1 Qxe5 18. a5 Qc7 19. Ra1 Ne4 20. Bb2 Qc2 21. Bf3
Nd2 22. Rfc1 Nxf3+ 23. gxf3 Qg6+ 24. Kh1 Qf5 25. f4 d4 26. Qxf8+ Kxf8 27. Ba3+
Ke8 28. Rxc8+ Kd7 29. Rac1 Na6 30. Rxa8 Qe4+ 31. Kg1 Qxa8 32. bxa6 Qxa6 33. Bb4
Qe2 34. Re1 Qb2 35. Bc5 d3 36. a6 d2 37. Rf1 Qc1 38. a7 Qxf1+ 0-1

[Event "PRO League Group Stage"]
[Site "chess.com INT"]
[Date "2018.02.03"]
[Round "4"]
[White "Shimanov, Aleksandr"]
[Black "Mamedyarov, Shakhriyar"]
[Result "1-0"]
[WhiteTitle "GM"]
[BlackTitle "GM"]
[WhiteElo "2641"]
[BlackElo "2804"]
[WhiteTeam "Webster Windmills"]
[BlackTeam "San Jose Hackers"]
[WhiteFideId "4198603"]
[BlackFideId "13401319"]
[EventDate "2018.01.18"]

1. d4 Nf6 2. Nf3 b6 3. Bg5 Bb7 4. Bxf6 exf6 5. e3 f5 6. Bd3 g6 7. O-O Bg7 8. c4
O-O 9. Nc3 Re8 10. Rc1 c5 11. dxc5 bxc5 12. Be2 Nc6 13. Nd5 Ne7 14. Nc3 Nc8 15.
Nd2 Rb8 16. Nb3 d6 17. Bf3 Ba6 18. Be2 h5 19. Qc2 Qg5 20. Nd2 f4 21. Nf3 Qd8 22.
exf4 Nb6 23. Rfe1 Nxc4 24. b3 Na3 25. Qd1 Bb7 26. Ng5 Qa5 27. Nd5 Bb2 28. Bf3
Kg7 29. b4 cxb4 30. Qd2 Nc4 31. Qd3 Rxe1+ 32. Rxe1 b3 33. Re7 Ne5 34. fxe5 Qe1+
35. Qf1 Qxf1+ 36. Kxf1 Bxd5 37. Bxd5 bxa2 38. Bxa2 Bxe5 39. Rxf7+ 1-0

[Event "PRO League Group Stage"]
[Site "chess.com INT"]
[Date "2018.02.03"]
[Round "4"]
[White "Shimanov, Aleksandr"]
[Black "Miroshnichenko, Evgenij"]
[Result "1/2-1/2"]
[WhiteTitle "GM"]
[BlackTitle "GM"]
[WhiteElo "2641"]
[BlackElo "2606"]
[WhiteTeam "Webster Windmills"]
[BlackTeam "Australia Kangaroos"]
[WhiteFideId "4198603"]
[BlackFideId "14102595"]
[EventDate "2018.01.18"]

1. Nf3 Nf6 2. d4 e6 3. Bf4 Be7 4. c4 d5 5. Nc3 O-O 6. e3 Nbd7 7. Be2 dxc4 8. O-O
a6 9. a4 b6 10. d5 Nc5 11. Bxc4 exd5 12. Nxd5 Nxd5 13. Bxd5 Bb7 14. Bxb7 Nxb7
15. Qxd8 Bxd8 16. Rfd1 Rc8 17. Ne5 c5 18. Nc4 b5 19. axb5 axb5 20. Na3 b4 21.
Nc4 Bf6 22. g4 g5 23. Bg3 Ra8 24. Rxa8 Rxa8 25. Rd7 Na5 26. Be5 Kg7 27. Bxf6+
Kxf6 28. Nd2 c4 29. Rc7 Rd8 30. Nxc4 Rd1+ 31. Kg2 Rc1 32. b3 Nxc4 33. bxc4 b3
34. Rb7 Rxc4 1/2-1/2